[Event "ODEM U25-A Oberhof"]
[Site "?"]
[Date "2013.05.19"]
[Round "2.28"]
[White "Peters, Theresa"]
[Black "Meiser, Michael"]
[Result "0-1"]
[WhiteElo "1467"]
[BlackElo "1931"]
[PlyCount "98"]
[EventDate "2013.??.??"]

1. d4 Nf6 2. Nf3 e6 3. e3 Be7 4. Bd3 b6 5. Nbd2 Bb7 6. c4 d6 7. b4 Nbd7 8. Qc2
h6 9. O-O O-O 10. a3 c5 11. Bb2 Rc8 12. Rac1 d5 13. Qb3 cxb4 14. axb4 dxc4 15.
Rxc4 Nd5 16. Be4 N7f6 17. b5 Rxc4 18. Qxc4 Nxe3 19. fxe3 Nxe4 20. Nxe4 Bxe4 21.
Qc3 Qd7 22. Nd2 Bg6 23. d5 f6 24. dxe6 Qxe6 25. Nb3 Rc8 26. Nd4 Rxc3 27. Nxe6
Rxe3 28. Nf4 Bf7 29. Bd4 Rb3 30. Ra1 Rb4 31. Be3 Bd6 32. g3 Rxb5 33. Rxa7 Rb1+
34. Kg2 b5 35. Bd4 Rd1 36. Bc3 b4 37. Bxb4 Bxb4 38. Rb7 Bc3 39. Rb8+ Kh7 40.
Ne2 Rd2 41. Kf1 Be5 42. Rb4 Ra2 43. h3 Bg6 44. Rb3 Bf5 45. g4 Be6 46. Rb4 h5
47. Nf4 Bxf4 48. Rxf4 hxg4 49. hxg4 Kg6 0-1

[Event "ODEM U25-A Oberhof"]
[Site "?"]
[Date "2013.05.19"]
[Round "2.29"]
[White "Sonnhalter, Stella"]
[Black "Zesewitz, Maik"]
[Result "0-1"]
[WhiteElo "1843"]
[BlackElo "1552"]
[PlyCount "32"]
[EventDate "2013.??.??"]

1. e4 e5 2. Nf3 Nc6 3. Bc4 Bc5 4. c3 Nf6 5. d3 d6 6. Bb3 O-O 7. Nbd2 Qe7 8. Qe2
a6 9. Nf1 h6 10. Ng3 Ng4 11. O-O Be6 12. Bc2 Qd7 13. h3 Nf6 14. Nh4 Ne7 15. Kh1
Bxh3 16. Qf3 Bg4 0-1

[Event "ODEM U25-A Oberhof"]
[Site "?"]
[Date "2013.05.19"]
[Round "2.30"]
[White "Torzinski, Nils"]
[Black "Bruehan, Caren"]
[Result "1/2-1/2"]
[WhiteElo "1805"]
[BlackElo "1643"]
[PlyCount "133"]
[EventDate "2013.??.??"]

1. e4 c5 2. Nc3 Nc6 3. f4 a6 4. a4 g6 5. Nf3 Bg7 6. Bc4 e6 7. O-O Nge7 8. Qe1
O-O 9. d3 d5 10. Bb3 dxe4 11. dxe4 Nd4 12. Nxd4 Bxd4+ 13. Kh1 Bg7 14. f5 exf5
15. Qh4 Kh8 16. Bf4 Nc6 17. Qxd8 Nxd8 18. exf5 Bxf5 19. Bd6 Re8 20. Bxc5 Rc8
21. Ba3 Bxc3 22. bxc3 Kg8 23. Rae1 Rxe1 24. Rxe1 Ne6 25. Re3 h5 26. h3 Rc7 27.
Kh2 Rc8 28. Bb4 Rc7 29. Re2 Rd7 30. a5 Rd8 31. Be7 Rd7 32. Bf6 Rd6 33. c4 Kh7
34. Be5 Rd7 35. Ba4 Rd8 36. Bf6 Rd6 37. Bc3 Rd8 38. Rd2 Rxd2 39. Bxd2 Nc5 40.
Be8 Kg7 41. Bb4 Ne6 42. c3 Nc7 43. Ba4 f6 44. Bd6 Ne6 45. c5 Be4 46. Bd7 Kf7
47. Kg3 Bc6 48. Bc8 Nd8 49. Kf2 Ke8 50. g4 hxg4 51. hxg4 Bd7 52. Bxd7+ Kxd7 53.
Kf3 Nc6 54. g5 fxg5 55. Kg4 Nxa5 56. Kxg5 Nc4 57. Bf8 Kc6 58. Kxg6 Ne5+ 59. Kf5
Nd3 60. Ke4 Nxc5+ 61. Ke3 Kb5 62. Kd2 a5 63. Kc2 a4 64. Kb2 Kc4 65. Kc2 b5 66.
Kb2 Ne4 67. Bb4 1/2-1/2

[Event "ODEM U25-A Oberhof"]
[Site "?"]
[Date "2013.05.19"]
[Round "2.31"]
[White "Eimer, Christina"]
[Black "Mehling, Franziska"]
[Result "0-1"]
[WhiteElo "1541"]
[BlackElo "1690"]
[PlyCount "100"]
[EventDate "2013.??.??"]

1. Nf3 d5 2. d4 e6 3. e3 Nf6 4. c4 c6 5. Nc3 Nbd7 6. Bd3 dxc4 7. Bxc4 b5 8. Bd3
a6 9. a3 c5 10. dxc5 Nxc5 11. Bc2 Bb7 12. b4 Qxd1+ 13. Bxd1 Nd3+ 14. Ke2 Nxc1+
15. Rxc1 Be7 16. Bc2 Rc8 17. Bd3 O-O 18. Rhd1 Rc7 19. Rc2 Rfc8 20. Rdc1 Bd6 21.
e4 Bf4 22. Nd2 Ng4 23. Nd1 Rxc2 24. Rxc2 Rxc2 25. Bxc2 Nxh2 26. f3 Bxd2 27.
Kxd2 Nf1+ 28. Ke1 Ng3 29. Nf2 Nh5 30. Nd3 Nf6 31. Nc5 Bc8 32. e5 Nd5 33. g3 Nb6
34. Ke2 Nc4 35. a4 Nxe5 36. Ke3 Nc6 37. Nd3 e5 38. g4 f6 39. Ke4 Nd4 40. Bd1
Bb7+ 41. Ke3 Kf7 42. f4 Nc6 43. a5 exf4+ 44. Kxf4 Bc8 45. Bf3 Nd4 46. Bd5+ Ke7
47. Nc5 Kd6 48. Be4 h6 49. Nd3 g5+ 50. Ke3 f5 0-1

[Event "ODEM U25-A Oberhof"]
[Site "?"]
[Date "2013.05.19"]
[Round "2.32"]
[White "Reimers, Juri"]
[Black "Nabinger, Annalena"]
[Result "1-0"]
[WhiteElo "1751"]
[BlackElo "1485"]
[PlyCount "65"]
[EventDate "2013.??.??"]

1. c4 d6 2. g3 g6 3. Bg2 Bg7 4. d3 Nf6 5. Nc3 c6 6. e4 Nbd7 7. Nge2 O-O 8. O-O
Re8 9. h3 Qc7 10. Be3 c5 11. a3 a6 12. b4 e5 13. f4 b6 14. Qd2 Bb7 15. g4 exf4
16. Nxf4 Qd8 17. Rac1 Rc8 18. g5 Nh5 19. Nxh5 gxh5 20. Qe2 Qe7 21. Qxh5 Ne5 22.
Qe2 Ng6 23. Qf2 Ne5 24. Rfd1 Rc7 25. Ne2 Ng6 26. Rf1 Ne5 27. Rcd1 Ng6 28. Kh1
Bc8 29. Ng3 Nh4 30. Nh5 Nxg2 31. Qxg2 Qd7 32. Nf6+ Bxf6 33. gxf6+ 1-0

[Event "ODEM U25-A Oberhof"]
[Site "?"]
[Date "2013.05.19"]
[Round "2.33"]
[White "Kempe, Markus"]
[Black "Donath, Johann"]
[Result "1/2-1/2"]
[WhiteElo "1649"]
[BlackElo "1958"]
[PlyCount "71"]
[EventDate "2013.??.??"]

1. e4 e5 2. Nf3 Nc6 3. Bc4 Bc5 4. c3 Nf6 5. d4 exd4 6. cxd4 Bb4+ 7. Bd2 Bxd2+
8. Nbxd2 d5 9. exd5 Nxd5 10. Qb3 Nce7 11. O-O O-O 12. Rfe1 c6 13. Rac1 Qb6 14.
Bd3 Ng6 15. Bb1 Be6 16. Ng5 Qxd4 17. Ndf3 Qf6 18. Nxe6 fxe6 19. Bxg6 Qxg6 20.
Re5 Rae8 21. Kh1 Rf7 22. Rce1 h6 23. Nd4 Rxf2 24. g3 Qf7 25. Qd3 Nc7 26. Kg1
Rf6 27. Qe2 Kf8 28. Qc4 Rd8 29. Qc5+ Qe7 30. Qxa7 Qd7 31. R5e4 Nb5 32. Qc5+ Kf7
33. Nxe6 Ra8 34. Qc4 Qd5 35. Qb4 Qd6 36. Qc4 1/2-1/2

[Event "ODEM U25-A Oberhof"]
[Site "?"]
[Date "2013.05.19"]
[Round "2.35"]
[White "Stoll, Katja"]
[Black "Massloch, Philipp"]
[Result "1/2-1/2"]
[WhiteElo "1766"]
[BlackElo "1649"]
[PlyCount "107"]
[EventDate "2013.??.??"]

1. e4 c5 2. Nf3 Nc6 3. d4 cxd4 4. Nxd4 Nf6 5. Nc3 e5 6. Ndb5 d6 7. Bg5 a6 8.
Na3 b5 9. Nd5 Be7 10. Bxf6 Bxf6 11. c3 O-O 12. Nc2 Bg5 13. a4 bxa4 14. Rxa4 a5
15. Bc4 Kh8 16. O-O f5 17. exf5 Bxf5 18. Bd3 Ne7 19. Nxe7 Qxe7 20. Bxf5 Rxf5
21. Qd5 Rb8 22. b3 g6 23. Rxa5 e4 24. Qd4+ Bf6 25. Qa4 Rxa5 26. Qxa5 Rxb3 27.
c4 Qb7 28. Qd2 Qc6 29. Ne3 Bg5 30. Qd4+ Kg8 31. Nd5 Qe8 32. Re1 Qe6 33. g3 Rd3
34. Qxe4 Qxe4 35. Rxe4 Kf7 36. h4 Bd8 37. Kg2 Rd2 38. Kf3 Rc2 39. Ke3 g5 40. h5
h6 41. g4 Rc1 42. f4 gxf4+ 43. Rxf4+ Ke6 44. Re4+ Kf7 45. Kd4 Rc2 46. Kd3 Rc1
47. Nf4 Rg1 48. Ng6 Rc1 49. Kd4 Rd1+ 50. Kc3 d5 51. Rf4+ Ke6 52. c5 Ba5+ 53.
Kb3 Rc1 54. Rd4 1/2-1/2

[Event "ODEM U25-A Oberhof"]
[Site "?"]
[Date "2013.05.19"]
[Round "2.36"]
[White "Klosa, Kevin"]
[Black "Mehling, Katharina"]
[Result "1/2-1/2"]
[WhiteElo "1668"]
[BlackElo "1837"]
[PlyCount "75"]
[EventDate "2013.??.??"]

1. d4 Nf6 2. Bf4 g6 3. Nf3 Bg7 4. e3 O-O 5. c4 d6 6. Nc3 Nfd7 7. Rc1 Nc6 8. Be2
e5 9. Bg3 h6 10. O-O f5 11. dxe5 Ndxe5 12. Qd5+ Kh7 13. a3 Qe7 14. Rfd1 a6 15.
b3 Be6 16. Qd2 Qf7 17. Bxe5 dxe5 18. Qc2 Na5 19. Na4 b5 20. Nc5 c6 21. Rd6 Rfe8
22. Nxe6 Rxe6 23. Rcd1 Ra7 24. Qc3 Nb7 25. Rxe6 Qxe6 26. Qd2 Nc5 27. Qc2 Ne4
28. Bd3 Nd6 29. c5 Nf7 30. Be2 Qe7 31. b4 Nd8 32. Qd2 Ne6 33. Qd6 Rc7 34. Qxe7
Rxe7 35. Rd6 e4 36. Ne1 Nc7 37. Rxc6 Rd7 38. Rd6 1/2-1/2

[Event "ODEM U25-A Oberhof"]
[Site "?"]
[Date "2013.05.19"]
[Round "2.37"]
[White "Weiss, Reinhold"]
[Black "Denkert, Robert"]
[Result "0-1"]
[WhiteElo "1861"]
[BlackElo "1631"]
[PlyCount "48"]
[EventDate "2013.??.??"]

1. e4 e6 2. d4 d5 3. exd5 exd5 4. Bd3 Nf6 5. c3 c5 6. dxc5 Bxc5 7. Nf3 O-O 8.
O-O Qb6 9. b4 Bd6 10. Be3 Qc7 11. h3 Nc6 12. Na3 a6 13. Rc1 Be6 14. Nd4 Rac8
15. Nf5 Bf4 16. Qe2 Bxe3 17. Qxe3 Rfe8 18. Qg5 Bxf5 19. Qxf5 Ne4 20. Qxd5 Rcd8
21. Qf5 Rxd3 22. f3 g6 23. Qg4 h5 24. Qh4 Qg3 0-1

[Event "ODEM U25-A Oberhof"]
[Site "?"]
[Date "2013.05.19"]
[Round "2.38"]
[White "Halas, Lena"]
[Black "Herbrig, Marie-Helen"]
[Result "0-1"]
[WhiteElo "1668"]
[BlackElo "1762"]
[PlyCount "94"]
[EventDate "2013.??.??"]

1. e4 c5 2. c3 d5 3. e5 Nc6 4. Nf3 Bg4 5. Bb5 Qb6 6. Qa4 Bd7 7. Bxc6 Bxc6 8.
Qf4 e6 9. d4 Ne7 10. dxc5 Qxc5 11. Nd4 Ng6 12. Qg3 Bd7 13. O-O Be7 14. Nd2 O-O
15. N2b3 Qc7 16. f4 b5 17. Bd2 a5 18. Kh1 Rfc8 19. Ne2 Bf8 20. Nbd4 Ne7 21. Qh3
Rab8 22. g4 b4 23. Qg3 bxc3 24. Bxc3 a4 25. Rac1 Qb7 26. a3 Rc4 27. Bb4 Rbc8
28. Qf3 Nc6 29. Bc3 Bc5 30. Rcd1 Nxd4 31. Nxd4 Bxa3 32. Qe2 Bc5 33. f5 a3 34.
fxe6 Bxe6 35. Nxe6 fxe6 36. Qg2 Qb3 37. Qe2 Rb8 38. Rb1 a2 39. Ra1 d4 40. Qf3
Rf8 41. Qc6 dxc3 42. Qxe6+ Kh8 43. Rxf8+ Bxf8 44. Qf7 Qb4 45. bxc3 Qb1+ 46. Kg2
Qe4+ 47. Kh3 Qxg4# 0-1

[Event "ODEM U25-A Oberhof"]
[Site "?"]
[Date "2013.05.19"]
[Round "2.39"]
[White "Schmidt, Daniel (Stadtilm)"]
[Black "Arns, Alexander"]
[Result "1/2-1/2"]
[WhiteElo "1753"]
[BlackElo "1685"]
[PlyCount "74"]
[EventDate "2013.??.??"]

1. c4 Nf6 2. d4 c5 3. d5 b5 4. cxb5 a6 5. Nc3 axb5 6. Nxb5 Qa5+ 7. Nc3 Ba6 8.
Bd2 Qb6 9. Qc2 d6 10. Nf3 g6 11. g3 Bg7 12. Bg2 O-O 13. O-O Nbd7 14. Rab1 Rfb8
15. b3 Qb7 16. Ng5 Ne5 17. Rfe1 Ra7 18. f4 Ned7 19. e4 Qb4 20. Ne2 Qa3 21. Bc3
Rba8 22. Nc1 Bb5 23. e5 Ne8 24. e6 fxe6 25. Nxe6 Bxc3 26. Qxc3 Ndf6 27. Qd2 Ng7
28. Nxg7 Kxg7 29. Bh3 c4 30. Qd4 Qa5 31. Re3 Qb4 32. Rb2 Rc7 33. bxc4 Qxc4 34.
Qxc4 Bxc4 35. Rc2 Nxd5 36. Re4 Nb6 37. Be6 Ra4 1/2-1/2

[Event "ODEM U25-A Oberhof"]
[Site "?"]
[Date "2013.05.19"]
[Round "2.40"]
[White "Neumann, Tiemon"]
[Black "Lagunow, Elina"]
[Result "0-1"]
[WhiteElo "1708"]
[BlackElo "1759"]
[PlyCount "90"]
[EventDate "2013.??.??"]

1. e4 c5 2. Nf3 Nc6 3. d4 cxd4 4. Nxd4 g6 5. Nc3 Bg7 6. Be3 Nf6 7. Bc4 Qa5 8.
O-O O-O 9. Nb3 Qc7 10. f4 d6 11. Qd2 a6 12. a4 Ng4 13. Nd5 Qd8 14. Bb6 Qd7 15.
Rab1 Nf6 16. Bd4 Nxe4 17. Qe3 Qf5 18. Nb6 Rb8 19. Bd3 d5 20. Bxg7 Kxg7 21. Nd4
Nxd4 22. Qxd4+ Qf6 23. Qxd5 Qxb6+ 24. Kh1 Nf2+ 25. Rxf2 Qxf2 26. Qe5+ Kg8 27.
Rf1 Qa7 28. f5 b5 29. fxg6 hxg6 30. axb5 axb5 31. Qg3 Rb6 32. h4 Qb8 33. Qg5
Kg7 34. h5 Rh8 35. Be2 Re6 36. Bf3 Qe5 37. Qd2 Rd6 38. Qb4 Rd4 39. Qa5 Rh4+ 40.
Kg1 Qe3+ 41. Rf2 Qc1+ 42. Rf1 Rh1+ 43. Kxh1 Qxf1+ 44. Kh2 Qc4 45. Qb6 Bg4 0-1

[Event "ODEM U25-A Oberhof"]
[Site "?"]
[Date "2013.05.19"]
[Round "2.41"]
[White "Hartmann, Jakob"]
[Black "Thumm, Felix"]
[Result "1-0"]
[WhiteElo "1719"]
[BlackElo "1733"]
[PlyCount "91"]
[EventDate "2013.??.??"]

1. e4 c5 2. Nf3 e6 3. d4 cxd4 4. Nxd4 a6 5. Nc3 Qc7 6. Be2 Nf6 7. O-O b5 8. a3
Bb7 9. Qd3 Be7 10. f4 Nc6 11. Nxc6 Bxc6 12. Bf3 Qb7 13. Be3 b4 14. axb4 Bxb4
15. e5 Bxf3 16. Rxf3 Ng4 17. Rd1 Nxe3 18. Qxe3 Qa7 19. Qxa7 Rxa7 20. Ne4 Ke7
21. Ra1 Rc8 22. c3 Bc5+ 23. Kf1 Bb6 24. Nd6 Rc6 25. b4 a5 26. b5 Rc5 27. Ra4 f6
28. c4 Ra8 29. Ne4 Rc7 30. Rg3 Kf7 31. Nd6+ Kf8 32. Rh3 fxe5 33. fxe5 Kg8 34.
Rd3 Rf8+ 35. Rf3 Rxf3+ 36. gxf3 Kf8 37. Ke2 Ke7 38. Kd3 Rc5 39. f4 Bc7 40. Nb7
d6 41. exd6+ Bxd6 42. Nxc5 Bxc5 43. Rxa5 Bb6 44. Ra6 Bc7 45. Ra7 Kd6 46. c5+
1-0

[Event "ODEM U25-A Oberhof"]
[Site "?"]
[Date "2013.05.19"]
[Round "2.42"]
[White "Engers, Felix"]
[Black "Wastian, Jan"]
[Result "1-0"]
[WhiteElo "1804"]
[BlackElo "1636"]
[PlyCount "75"]
[EventDate "2013.??.??"]

1. c4 c6 2. g3 d5 3. Bg2 Nf6 4. Nf3 Bf5 5. O-O e6 6. b3 Bd6 7. Bb2 Nbd7 8. d4
O-O 9. Nbd2 h6 10. Ne5 Qc7 11. Nxd7 Qxd7 12. Re1 Rad8 13. e4 dxe4 14. Nxe4 Bxe4
15. Bxe4 Nxe4 16. Rxe4 c5 17. Qe2 cxd4 18. Bxd4 Qc7 19. c5 Be7 20. Rg4 Rxd4 21.
Rxd4 Bf6 22. Qc4 Bxd4 23. Qxd4 Rd8 24. Qe3 Qd7 25. Re1 Qd2 26. a3 Qd3 27. b4
Rd4 28. Qxd3 Rxd3 29. Re3 Rxe3 30. fxe3 Kf8 31. Kf2 Ke7 32. Kf3 Kd7 33. Ke4 f6
34. h4 g6 35. Kd4 Kc6 36. Kc4 a6 37. a4 h5 38. Kd4 1-0

[Event "ODEM U25-A Oberhof"]
[Site "?"]
[Date "2013.05.19"]
[Round "2.43"]
[White "Bastelberger, Julian"]
[Black "Litzka, Richard"]
[Result "0-1"]
[WhiteElo "1710"]
[BlackElo "1572"]
[PlyCount "80"]
[EventDate "2013.??.??"]

1. d4 d5 2. c4 c6 3. Nf3 Nf6 4. Nc3 a6 5. cxd5 cxd5 6. Bf4 Nc6 7. e3 Bf5 8. Rc1
e6 9. Qb3 Ne4 10. Be2 Nxc3 11. bxc3 Na5 12. Qb2 Rc8 13. Nd2 b5 14. O-O Be7 15.
f3 Bg5 16. Bxg5 Qxg5 17. e4 dxe4 18. Bxb5+ axb5 19. Qxb5+ Nc6 20. fxe4 Qxd2 21.
exf5 O-O 22. fxe6 Nxd4 23. exf7+ Kh8 24. Qb7 Ne2+ 25. Kh1 Qxc1 26. Rxc1 Nxc1
27. Qe7 Nxa2 28. Qa3 Nxc3 29. Qe7 Ne4 30. h3 Nc5 31. Kh2 Nd3 32. Kg3 Rb8 33.
Kh4 Nb4 34. g4 Nc6 35. Qd6 Rbc8 36. g5 Rxf7 37. Qe6 Rff8 38. g6 Nd4 39. Qg4
Nf3+ 40. Kg3 Ne5 0-1

[Event "ODEM U25-A Oberhof"]
[Site "?"]
[Date "2013.05.19"]
[Round "2.44"]
[White "Martin, Raphael"]
[Black "Erofeev, Anastasia"]
[Result "0-1"]
[WhiteElo "1682"]
[BlackElo "1813"]
[PlyCount "90"]
[EventDate "2013.??.??"]

1. e4 e5 2. Nf3 Nc6 3. d4 exd4 4. Bc4 Nf6 5. e5 d5 6. Bb5 Ne4 7. Nxd4 Bd7 8.
Bxc6 bxc6 9. O-O Bc5 10. Be3 O-O 11. f3 Bxd4 12. Qxd4 Ng5 13. f4 Ne6 14. Qd2 f5
15. Nc3 Be8 16. Na4 d4 17. Bf2 c5 18. b3 Bxa4 19. bxa4 a5 20. Rab1 Qd5 21. Rb3
c4 22. Rb5 c5 23. c3 d3 24. Rfb1 h6 25. Rb6 Rfd8 26. Be3 Rac8 27. R6b5 Qa8 28.
Qf2 Rb8 29. Bxc5 Rxb5 30. axb5 d2 31. Bd6 Qe4 32. Rd1 Nxf4 33. Qxd2 Nd3 34. Bc7
Rd5 35. Rf1 Rxb5 36. Qd1 Qe3+ 37. Kh1 Nf2+ 38. Rxf2 Qxf2 39. Bd6 Rb2 40. Qg1
Qxg1+ 41. Kxg1 Kf7 42. a3 Rc2 43. Kf1 Rxc3 44. Ke1 Rd3 45. Ke2 Rd5 0-1

[Event "ODEM U25-A Oberhof"]
[Site "?"]
[Date "2013.05.19"]
[Round "2.45"]
[White "Walther, Jochen"]
[Black "Gressmann, Hanna"]
[Result "0-1"]
[WhiteElo "1700"]
[BlackElo "1520"]
[PlyCount "144"]
[EventDate "2013.??.??"]

1. e4 e5 2. d4 exd4 3. Qxd4 Nc6 4. Qe3 Bb4+ 5. Nc3 d6 6. Bd2 Nf6 7. O-O-O Be6
8. Bd3 Qe7 9. Nge2 a6 10. f3 O-O-O 11. Nf4 Bd7 12. a3 Bc5 13. Qe1 Ne5 14. Be3
Bxe3+ 15. Qxe3 Nxd3+ 16. Rxd3 Kb8 17. Rhd1 Bc6 18. Nce2 Bb5 19. Rb3 Bxe2 20.
Qxe2 Ka8 21. Qc4 Rb8 22. Rc3 Rbc8 23. b4 Qe5 24. g3 Qe8 25. Qb3 h6 26. Rd4 g5
27. Ng2 Qe6 28. Rdc4 Ne8 29. Ne3 b5 30. Rc6 Qxb3 31. cxb3 Kb7 32. Nd5 f6 33.
Ne7 Rd8 34. Nf5 d5 35. Re6 dxe4 36. fxe4 Rh7 37. Ne7 h5 38. Rcc6 Rxe7 39. Rxa6
Rxe6 40. Rxe6 Kc8 41. Kc2 Kd7 42. Ra6 Nd6 43. Kd3 Re8 44. a4 Nxe4 45. a5 Nd6
46. Kd4 Re4+ 47. Kc5 Re2 48. h4 gxh4 49. gxh4 f5 50. Ra8 Re5+ 51. Kd4 Re4+ 52.
Kc5 Rxh4 53. Rh8 Rh1 54. Rh7+ Kc8 55. Kc6 Rc1+ 56. Kd5 Kb7 57. Rxh5 Rc3 58. Rh7
Rxb3 59. a6+ Kxa6 60. Rxc7 Nc4 61. Kc5 Nb6 62. Rf7 Rc3+ 63. Kd4 Rc4+ 64. Ke5 f4
65. Rh7 Rxb4 66. Rh1 Rc4 67. Kd6 f3 68. Rf1 Rf4 69. Kc6 f2 70. Kc5 Nc4 71. Kc6
Nd2 72. Ra1+ Ra4 0-1

[Event "ODEM U25-A Oberhof"]
[Site "?"]
[Date "2013.05.19"]
[Round "2.46"]
[White "Nguyen, Anh Van"]
[Black "Gamisch, Laura"]
[Result "0-1"]
[WhiteElo "1630"]
[BlackElo "1763"]
[PlyCount "96"]
[EventDate "2013.??.??"]

1. e4 c5 2. Nf3 e6 3. d4 cxd4 4. Nxd4 Nc6 5. Nc3 Qc7 6. Be3 Nf6 7. Qd2 Bb4 8.
f3 O-O 9. O-O-O a6 10. g4 Na5 11. Kb1 Nc4 12. Bxc4 Qxc4 13. Qd3 Qc7 14. h4 d5
15. exd5 Bxc3 16. d6 Qxd6 17. Qxc3 Nd5 18. Qd2 Nxe3 19. Qxe3 Qc7 20. h5 b5 21.
g5 e5 22. Nb3 Bf5 23. Rh2 Rac8 24. Ka1 Rfd8 25. Rxd8+ Rxd8 26. Qe2 e4 27. Rh1
exf3 28. Qxf3 Qxc2 29. Rf1 Be6 30. Rc1 Qf5 31. Qg3 Qg4 32. Qxg4 Bxg4 33. h6
gxh6 34. gxh6 f5 35. Kb1 Rd1 36. Rxd1 Bxd1 37. Nc5 f4 38. Kc1 Bg4 39. Kd2 a5
40. Nb7 a4 41. Nd6 Bd7 42. Ke2 Bc6 43. Nf5 Kf7 44. Nd4 Bd5 45. a3 Kg6 46. Kf2
Bc4 47. Kf3 Kg5 48. Nc6 Bd5+ 0-1

[Event "ODEM U25-A Oberhof"]
[Site "?"]
[Date "2013.05.19"]
[Round "2.47"]
[White "Schroeder, Stefan"]
[Black "Edel, Fenja"]
[Result "0-1"]
[WhiteElo "1694"]
[BlackElo "1635"]
[PlyCount "102"]
[EventDate "2013.??.??"]

1. d4 d5 2. c4 e6 3. Nc3 Nf6 4. Bg5 Be7 5. e3 O-O 6. Nf3 b6 7. Bd3 dxc4 8. Bxc4
Bb7 9. O-O Nbd7 10. Rc1 c5 11. Bd3 h6 12. Bh4 Re8 13. Ne5 cxd4 14. exd4 Nxe5
15. dxe5 Nd7 16. Bxe7 Qxe7 17. Qe2 Nc5 18. Bb1 Ba6 19. Nb5 Qd7 20. a4 Nxa4 21.
Bd3 Nc5 22. Bc4 Red8 23. Rfd1 Qe7 24. Nd6 Bxc4 25. Qxc4 Nb7 26. Qe4 Nxd6 27.
exd6 Qd7 28. Qf4 Rac8 29. Rd3 Rxc1+ 30. Qxc1 Qb5 31. Qc7 Rd7 32. Qc2 Qc5 33.
Qa4 Rxd6 34. Rxd6 Qxd6 35. g3 Qc7 36. Kg2 Qb7+ 37. Kg1 b5 38. Qc2 a5 39. b3 b4
40. Qd3 Qd5 41. Qc2 Qd4 42. Qc8+ Kh7 43. Qc2+ f5 44. Qe2 Qe4 45. Qa2 Qd5 46.
Qc2 Qe4 47. Qa2 Qe1+ 48. Kg2 Qc3 49. Kf1 Qc1+ 50. Kg2 Qa3 51. Qc2 a4 0-1

[Event "ODEM U25-A Oberhof"]
[Site "?"]
[Date "2013.05.19"]
[Round "2.49"]
[White "Herrmann, Heribert"]
[Black "Reinfelder, Fabian"]
[Result "0-1"]
[WhiteElo "1683"]
[BlackElo "1498"]
[PlyCount "126"]
[EventDate "2013.??.??"]

1. c4 e5 2. g3 Nc6 3. Bg2 d6 4. Nc3 g6 5. e4 Bg7 6. Nge2 Be6 7. d3 f5 8. f4 Rb8
9. O-O Nf6 10. h3 O-O 11. Kh2 Qd7 12. exf5 Bxf5 13. a3 exf4 14. Bxf4 a5 15. d4
Rbe8 16. d5 Ne5 17. b3 Bd3 18. Re1 Bxe2 19. Nxe2 Nh5 20. Ra2 Rf7 21. Qd2 Ref8
22. Rc2 a4 23. b4 Nxf4 24. gxf4 Bh6 25. Rf1 Qe7 26. Rc3 Qh4 27. Qe1 Bxf4+ 28.
Nxf4 Qxe1 29. Rxe1 Rxf4 30. c5 R8f7 31. c6 b6 32. Rxe5 dxe5 33. d6 Rf8 34. dxc7
Rc8 35. Re3 Rf5 36. Bd5+ Kg7 37. Be6 Rxc7 38. Bxf5 gxf5 39. Rxe5 Kf6 40. Rd5
Rxc6 41. b5 Rc2+ 42. Kg3 Ke6 43. Rd3 Rb2 44. Re3+ Kf6 45. Kf4 Rxb5 46. Rd3 Re5
47. Rd6+ Re6 48. Rd4 Re4+ 49. Rxe4 fxe4 50. Kxe4 Kg5 51. Kd4 Kh4 52. Kc4 Kxh3
53. Kb5 Kg3 54. Kxa4 h5 55. Kb5 h4 56. Kxb6 h3 57. a4 h2 58. a5 h1=Q 59. Ka7
Qh7+ 60. Kb6 Qg6+ 61. Ka7 Qf7+ 62. Kb6 Qe6+ 63. Kc7 Qa6 0-1

[Event "ODEM U25-A Oberhof"]
[Site "?"]
[Date "2013.05.19"]
[Round "2.50"]
[White "Hartewig, Philipp"]
[Black "Bossert, Felix"]
[Result "1-0"]
[WhiteElo "1811"]
[BlackElo "1522"]
[PlyCount "49"]
[EventDate "2013.??.??"]

1. d4 d5 2. c4 c6 3. Nf3 Nf6 4. Nc3 Nbd7 5. e3 e6 6. cxd5 exd5 7. Bd3 Be7 8.
O-O O-O 9. Rb1 h6 10. b4 a6 11. Bd2 Qc7 12. Qc2 Bd6 13. h3 Re8 14. a4 Rf8 15.
Rfc1 Re8 16. Qb3 Rf8 17. b5 axb5 18. axb5 Ra3 19. Qb2 Ra8 20. Qb3 Ra3 21. Qd1
Ra8 22. bxc6 bxc6 23. Nb5 Qb8 24. Rxc6 Ra6 25. Nxd6 1-0

[Event "ODEM U25-A Oberhof"]
[Site "?"]
[Date "2013.05.19"]
[Round "2.51"]
[White "Wodzinski, Kristin"]
[Black "von Reppert, Marc"]
[Result "1-0"]
[WhiteElo "1643"]
[BlackElo "1681"]
[PlyCount "74"]
[EventDate "2013.??.??"]

1. d4 f5 2. g3 Nf6 3. c4 e6 4. Bg2 Bb4+ 5. Bd2 Qe7 6. Nh3 Nc6 7. O-O Bxd2 8.
Qxd2 O-O 9. Nc3 d6 10. d5 exd5 11. Nxd5 Nxd5 12. Bxd5+ Be6 13. Nf4 Bf7 14. a3
Qg5 15. Qd3 Ne5 16. Bxf7+ Rxf7 17. Qd5 Rb8 18. Rad1 Qe7 19. Rfe1 Qd7 20. c5 b5
21. b4 Rd8 22. Ne6 c6 23. Qxd6 Qxd6 24. cxd6 Rdd7 25. Nc5 Rd8 26. Rd4 Nc4 27.
Red1 Nb2 28. R1d2 Nc4 29. R2d3 Nb6 30. d7 Re7 31. Kg2 Nd5 32. e3 Nf6 33. Kf3
Kf7 34. h3 Nd5 35. g4 g6 36. gxf5 gxf5 37. Ke2 Nf4+ 1-0

[Event "ODEM U25-A Oberhof"]
[Site "?"]
[Date "2013.05.19"]
[Round "2.52"]
[White "Vergin, Marcel"]
[Black "Weber, Yannik"]
[Result "1-0"]
[WhiteElo "1801"]
[BlackElo "1542"]
[PlyCount "63"]
[EventDate "2013.??.??"]

1. d4 d5 2. e3 Nf6 3. f4 Bg4 4. Nf3 e6 5. Bd3 c5 6. c3 Qb6 7. Nbd2 Nc6 8. Nf1
cxd4 9. exd4 Be7 10. Ng3 g6 11. h3 Bf5 12. Nxf5 gxf5 13. Ne5 Ne4 14. O-O Nxe5
15. fxe5 Ng5 16. Qh5 h6 17. Rb1 O-O-O 18. Re1 f6 19. Bf4 Rde8 20. Qe2 Rhg8 21.
Kh1 fxe5 22. Bxe5 Rg6 23. Qh5 Reg8 24. Bf4 Bd6 25. Bxg5 hxg5 26. g4 Bg3 27.
gxf5 Rf6 28. Rxe6 Rxe6 29. fxe6 Qxe6 30. Kg2 Qe3 31. Qg4+ Kb8 32. Qxg3+ 1-0

[Event "ODEM U25-A Oberhof"]
[Site "?"]
[Date "2013.05.19"]
[Round "3.8"]
[White "Stark, Sven"]
[Black "Figura, Atila"]
[Result "0-1"]
[WhiteElo "1862"]
[BlackElo "2381"]
[PlyCount "156"]
[EventDate "2013.??.??"]

1. Nf3 d5 2. d4 e6 3. c4 c6 4. e3 f5 5. Nc3 Bd6 6. Bd3 Nf6 7. O-O O-O 8. Ne5
Nbd7 9. f4 Ne4 10. Nxe4 dxe4 11. Be2 c5 12. Nxd7 Bxd7 13. d5 e5 14. Qe1 Qf6 15.
Rb1 Rae8 16. Bd2 h6 17. Bc3 b6 18. fxe5 Bxe5 19. Bxe5 Rxe5 20. Qc3 Qd6 21. Rf4
Rc8 22. b3 Re7 23. Rd1 Kh7 24. Kh1 Rf8 25. g3 Rb8 26. Rff1 Re5 27. a4 Rb7 28.
Rf4 Bc8 29. Qd2 Rbe7 30. Rff1 Bd7 31. Rf4 Re8 32. Rff1 Rf8 33. Rf4 Rf6 34. Rg1
Re8 35. Bd1 Ref8 36. Rgf1 Qe5 37. R4f2 Kg8 38. Qb2 Qd6 39. Qd2 Kh7 40. Rf4 Bc8
41. R4f2 R8f7 42. Be2 Kg8 43. Bd1 Rf8 44. Be2 h5 45. Rg1 Rh6 46. Qb2 Rff6 47.
Bd1 Rfg6 48. Rf4 Rf6 49. Rf2 Rh7 50. Qd2 Rfh6 51. Qb2 g5 52. Qd2 g4 53. Rgg2 h4
54. gxh4 Rxh4 55. Rf4 Rh3 56. Kg1 Qe5 57. Kf1 Qh8 58. Rff2 Qg7 59. Rg1 Qh6 60.
Rg3 Rxh2 61. Rxh2 Qxh2 62. Qxh2 Rxh2 63. Rg2 Rh3 64. Kf2 Kf7 65. Rg3 Rh8 66.
Rg2 Kf6 67. Kg3 Ke5 68. Rf2 Rh3+ 69. Kg2 Rxe3 70. Rd2 Rd3 71. Rxd3 exd3 72. Kf2
Ke4 73. Kf1 Ke3 74. Ke1 a5 75. d6 f4 76. Kf1 Kd2 77. Bxg4 Bxg4 78. d7 Bxd7 0-1

[Event "ODEM U25-A Oberhof"]
[Site "?"]
[Date "2013.05.19"]
[Round "3.43"]
[White "Nabinger, Annalena"]
[Black "Schmidt, Daniel (Stadtilm)"]
[Result "0-1"]
[WhiteElo "1485"]
[BlackElo "1753"]
[PlyCount "128"]
[EventDate "2013.??.??"]

1. e4 c5 2. Nf3 d6 3. Nc3 Nf6 4. d4 cxd4 5. Nxd4 a6 6. Bd3 e5 7. Nf3 Be7 8. O-O
Qc7 9. Bg5 Be6 10. Be2 Nbd7 11. Rc1 h6 12. Bxf6 Nxf6 13. Qd3 b5 14. a3 Rc8 15.
Nb1 Qb7 16. Nfd2 Bc4 17. Nxc4 bxc4 18. Qh3 O-O 19. b3 cxb3 20. Qxb3 Qxb3 21.
cxb3 a5 22. f3 d5 23. exd5 Nxd5 24. Bd3 Bg5 25. Rxc8 Rxc8 26. Re1 Be3+ 27. Kf1
Bd4 28. Ke2 Nf4+ 29. Kd2 Nxg2 30. Bc4 a4 31. Rd1 axb3 32. Bxb3 Nf4 33. Ke1 Kf8
34. a4 f6 35. Rd2 Rc1+ 36. Rd1 Rxd1+ 37. Kxd1 Ke7 38. Kc2 Kd6 39. Nd2 Bg1 40.
Nf1 Kc5 41. Kc3 Ne2+ 42. Kd3 Nc1+ 43. Kc3 Nxb3 44. Kxb3 g6 45. h3 f5 46. Ng3 h5
47. Nf1 Bf2 48. Nd2 Kd4 49. Kc2 Be3 50. Nf1 Bf4 51. Kb3 e4 52. fxe4 Kxe4 53. a5
Kf3 54. a6 Bb8 55. Kc3 Ba7 56. Kd3 Kg2 57. Ne3+ Kxh3 58. Ke2 f4 59. Nd5 g5 60.
Kf3 g4+ 61. Kxf4 g3 62. Ne3 Bxe3+ 63. Kxe3 g2 64. a7 g1=Q+ 0-1